01365cam a2200445 a 4500001001400000005001700014008004100031020002800072035001500100040003200115041001300147044001100160072008100171080001800252080002000270080001800290080001700308080001600325080001600341100002100357240002500378245017900403250001200582260003100594300001100625500002400636650002000660650002700680650003400707650003000741650002300771650003200794653001200826653001400838653001200852653001100864653001000875653001000885655002400895vtls00057845620200129125718.0170223s2016 xo g nf 000 0 slo d a9788081004780 (brož.) aa000578456 aSVKBBbslocUKBdSNKeAACR21 asloheng axocSK 7a159.93/.94xSenzorické a motorické funkcie. Emócie. Vôľa2konspekt a159.94222011 a159.923.522011 a159.94422011 a613.8622011 a2-58322001 a(035)220110 aOsho,d1931-199010aEmotions.lSlovensky10aEmócieb[strach a úzkosť, zlosť a nenávisť, smútok, depresia, závisť, žiarlivosť, ako sa ich zbaviť? : všetky problémy si vytvárame sami!]cOsho a1. vyd. aBratislavabEugenikac2016 a117 s. aPrel. z angl. orig.07aemócie2UKBPH07asebaovládanie2UKBPH07apsychická odolnosť2UKBPH07azvládanie stresu2UKBPH07ameditácia2UKBPH07anegatívne emócie2UKBPH a159.942 a159.923.5 a159.944 a613.86 a2-583 a(035) 7apríručky2UKBPH